000 00579nam a2200241Ia 4500
003 OSt
005 20221005122019.0
006 a|||||r|||| 00| 0
007 ta
008 221004b |||||||| |||| 00| 0 eng d
024 _a43132
037 _cTextual
040 _aCRL
_cCRL
_beng
041 _2eng
_aeng
082 _aO15:1x, 111B4
100 _aArnold Edwin
_979613
245 0 _aIndian poetry
250 _a3rd
260 _c1884
650 _aSANSKRIT LITERATURE
942 _hO15:1x, 111B4
_cTEXL
_2cc
999 _c1042988
_d1042988